Πρωτεύουσες του Κόσμου - Σ - Statistics

General Stats
  • This quiz has been taken 313 times
  • The average score is 9 of 17
Answer Stats
Σ % Correct
Στοκχόλμη
90%
Σιγκαπούρη
76%
Σαντιάγο
73%
Σαράγεβο
72%
Σόφια
72%
Σεούλ
71%
Σκόπια
64%
Σαναά
56%
Σάο Τομέ
54%
Σούβα
50%
Σαν Χοσέ
45%
Σαν Σαλβαδόρ
42%
Σούκρε
38%
Σαιντ Τζονς
37%
Σαιντ Τζόρτζις
33%
Σρι Τζαγιαβαρντενεπούρα Κότε
29%
Σάντο Ντομίνγκο (Άγιος Δομίνικος)
28%
No matching quizzes found
Score Distribution
Percent of People with Each Score
Percentile by Number Answered
Your Score History
You have not taken this quiz